000 00428nam a22001457a 4500
005 20251211134936.0
008 251211b |||||||| |||| 00| 0 eng d
020 _a9781562538798
050 _aTT957
_b.M5518
245 _aMilady's Standard Cosmetology
_cArlene Alpert et al.,
260 _aAustralia
_bThomson Delmar Learning
_c2004
300 _axxxvi. 956p.
_bill. color
_c28.5cm
700 _aAlpert, Arlene
942 _2lcc
_cBK
_n0
999 _c8554
_d8554